History of mathematics

Saved in:
Bibliographic Details
Main Author: Smith, David Eugene
Format: Book
Language:Undetermined
Published: New York Dover Publications, INC 1976
Subjects:
Tags: Add Tag
No Tags, Be the first to tag this record!
Institutions: Trung tâm Học liệu Trường Đại học Cần Thơ
LEADER 00465nam a2200169Ia 4500
001 CTU_78994
008 210402s9999 xx 000 0 und d
082 |a 510.9 
082 |b S642/Vol.2 
100 |a Smith, David Eugene 
245 0 |a History of mathematics 
245 0 |c David Eugene Smith 
260 |a New York 
260 |b Dover Publications, INC 
260 |c 1976 
650 |a Mathematics history 
980 |a Trung tâm Học liệu Trường Đại học Cần Thơ